| 000 | 00441nam a2200157 a 4500 | ||
|---|---|---|---|
| 005 | 20140310183148.0 | ||
| 008 | 020826s19uu xx 00 eng d | ||
| 050 |
_aPQ 2168 _b.B198 1962 |
||
| 100 | _ade Balzac, Honore | ||
| 245 |
_aPere goriot / _cHonore de Balzac. |
||
| 260 |
_aUSA : _bThe New American Library of World Literature Inc., _c1962. |
||
| 300 |
_a284 p. : _c18 cm. |
||
| 650 | _aFiction | ||
| 942 |
_cBK _2lcc |
||
| 999 |
_c19605 _d19605 |
||